Lịch sử phong trào phụ nữ Việt Nam T. 1

Đặc điểm và truyền thống của phụ nữ Việt Nam. Phong trào phụ nữ Việt Nam ở các giai đoạn cách mạng 1930-1935, 1936-1939, thời kỳ chuẩn bị khởi nghĩa 1940-1945, kháng chiến chống Pháp 1946-1954

Na minha lista:
Detalhes bibliográficos
Autor principal: Nguyễn Thị Thập
Formato: Livro
Idioma:Vietnamese
Publicado em: H. Phụ nữ 1980
Assuntos:
Tags: Adicionar Tag
Sem tags, seja o primeiro a adicionar uma tag!
Thư viện lưu trữ: Mạng thư viện Đại học Đà Nẵng
LEADER 01479nam a2200373 4500
001 000007373
003 3534
005 20111013101037.0
008 110929s1980 viesd
020 |c 4500đ 
041 0 |a vie 
082 |a 324.3  |b NG-T 
100 0 |a Nguyễn Thị Thập 
245 1 0 |a Lịch sử phong trào phụ nữ Việt Nam  |c Nguyễn Thị Thập chủ biên  |n T. 1 
260 |a H.  |b Phụ nữ  |c 1980 
300 |a 164 tr  |b ảnh  |c 20 cm 
520 |a Đặc điểm và truyền thống của phụ nữ Việt Nam. Phong trào phụ nữ Việt Nam ở các giai đoạn cách mạng 1930-1935, 1936-1939, thời kỳ chuẩn bị khởi nghĩa 1940-1945, kháng chiến chống Pháp 1946-1954 
653 |a Việt Nam 
653 |a lịch sử 
653 |a phong trào phụ nữ 
653 |a kháng chiến chống Pháp 
700 |a Nguyễn Thị Thập 
773 |t Lịch sử phong trào phụ nữ Việt Nam  |w 3533 
910 |a Nguyễn Thị Kim Oanh  |d 29/09/2011 
OWN |a LSP 
AVA |a UDN50  |b LSP  |d 324.3 NG-T  |e unavailable  |t Error 5002 Not defined in file expand_doc_bib_avail.  |f 1  |g 1  |h N  |i 0  |k 1 
999 |a From the UDN01 
AVA |a UDN50  |b LSP  |d 324.3 NG-T  |e unavailable  |t Error 5002 Not defined in file expand_doc_bib_avail.  |f 1  |g 1  |h N  |i 0  |k 1 
TYP |a Monograph 
TYP |a Printed language 
980 |a Mạng thư viện Đại học Đà Nẵng